000 00383nam a2200157Ia 4500
008 230711s9999||||xx |||||||||||||| ||und||
041 _aENG
082 _a720
_bKU-R
100 _aKundoo,Anupama
245 0 _aRoger anger: research on beauty
250 _a1st Ed.
260 _c2009
_aNew York
_bJovis Verlag Gamotsh Berlin
300 _a191
650 _aArchitecture
942 _cBK
999 _c5032
_d5032